2025-2026 English Football League Two Team Logos - Statistics

General Stats
  • This quiz has been taken 248 times
    100 since last reset
  • The average score is 19 of 24
Answer Stats
Picture Answer % Correct
Milton Keynes Dons
94%
Gillingham
87%
Salford City
87%
Bristol Rovers
84%
Notts County
84%
Grimsby Town
83%
Swindon Town
83%
Fleetwood Town
82%
Walsall
81%
Cambridge United
80%
Colchester United
80%
Crewe Alexandra
80%
Cheltenham Town
79%
Shrewsbury Town
78%
Accrington Stanley
77%
Newport County
77%
Oldham Athletic
77%
Barrow
73%
Harrogate Town
71%
Chesterfield
70%
Crawley Town
66%
Barnet
64%
Tranmere Rovers
63%
Bromley
60%
No matching quizzes found
Score Distribution
Percent of People with Each Score
Percentile by Number Answered
Your Score History
You have not taken this quiz since the last reset